00249nam a22001217a 4500040000700000082000800007100001500015245004000030260002500070300001000095942000700105999001500112 cSK a910 aWORLD BANK aCambodia socio economic survey 1999 aPhnom PenhbWBc1999 a144p. cKB c9583d9583